[Event "FRA-chT Top 16 Gp Haute"]
[Site "Guingamp"]
[Date "2010.06.03"]
[Round "8.1"]
[White "Bacrot, Etienne"]
[Black "Riff, Jean Noel"]
[Result "1-0"]
[WhiteElo "2714"]
[BlackElo "2505"]
[Annotator "Primel,D"]
[PlyCount "57"]
[EventDate "2010.06.03"]
[EventType "team-tourn"]
[EventRounds "11"]
[EventCountry "FRA"]
[SourceTitle "EXT 2011"]
[Source "ChessBase"]
[SourceDate "2010.11.26"]
[SourceVersion "1"]
[SourceVersionDate "2010.11.26"]
[SourceQuality "1"]
[WhiteTeam "Marseille Echecs"]
[BlackTeam "Mulhouse Philidor"]
[WhiteTeamCountry "FRA"]
[BlackTeamCountry "FRA"]

1. e4 c5 2. Nf3 d6 3. d4 Nf6 4. Nc3 cxd4 5. Nxd4 e6 {la variante Scheveningen
était trés populaire dans les années 70 et au début des années 80 mais elle se
joue beaucoup moins aujourd'hui notamment а cause de la virulence de l'attaque
Keres} (5... a6 6. Be3 e6 7. g4 $1 {L'attaque Perenyi a beaucoup de thèmes
communs}) 6. g4 $1 {Comme l'alsacien joue son répertoire habituel, le top GMI
devait s'être préparé а jouer cette attaque Keres. Si la paternité de la
variante revient а l'estonien, le 01er joueur l'ayant utilisé est en fait,
Panov en 1939 mais la partie n'est pas dans les bases.} (6. g3 $5) 6... h6 {
Un carrefour important pour cette variante Keres car les noirs ont plusieurs
alternatives de même valeur.} (6... Nc6) (6... a6) 7. h4 Nc6 8. Rg1 {[%cal
Gg4g5]} h5 {Andersson} (8... d5 9. exd5 Nxd5 10. Nxd5 Qxd5 11. Be3 Bd7 $132 {
Smeets,J (2657)-Anand,V (2790) Corus Wijk aan Zee 2010 (11) 1/2}) (8... Nd7) 9.
gxh5 (9. g5 Ng4 10. Be2 Qb6 {[%cal Gb6d4,Gc6d4]} 11. Bxg4 hxg4 12. Nxc6 bxc6
13. Qxg4 d5 $11 {Nunn,J (2565)-Andersson,U (2610) Tilburg 1982 1/2}) 9... Nxh5
(9... Rxh5 10. Bg5 $36 {[%cal Gg5f6,Gd1h5];Nunn,J (2590)-Adorjan,A (2535)
Gjovik 1983 1-0}) 10. Bg5 Nf6 (10... Qb6 11. Nb3 a6 12. Be2 g6 13. Qd2 $16 {
[%cal Ge1c1]}) 11. Qd2 {[%cal Ge1c1]} (11. Rg3) (11. Be2) (11. h5) 11... a6 (
11... Qb6 $142 12. Nb3 Bd7 13. O-O-O a6 {Karpov,A (2705)-Kasparov,G (2715)
World Championship 31th-KK1 1984 (1) 1/2}) 12. O-O-O $16 Bd7 (12... Qb6 13. Nb3
Bd7) 13. Kb1 {Un coup prophylactique souvent utile} (13. f4 Qb6 {Atakisi,U 
(2419)-Van Wely,L (2655) Turin ol (Men) 37th 2006 (3) 0-1}) 13... Qb6 {Un
thème classique dans la sicilienne ouverte pour forcer le Nd4 а occuper une
case moins active mais l'inconvénient est le fait que la Qb6 devra а son tour
perdre un tempo pour permettre la poussée b7b5} 14. Nb3 Qc7 {[%cal Gb7b5]} (
14... O-O-O 15. Be3 $16 Qc7 {Cardoso,R (2385)-Andersson,U (2580) Manila 1974 
(12) 0-1}) (14... Rc8) 15. Qe3 $5 $146 {[%csl Rb6][%cal Gf2f4,Ge4e5,Gc3d5,
Ge3e8] La préparation du GMI qui permet de contrôler la case "b6" et le
vis-à-vis avec le K"e8" bloqué au centre permet des thèmes tactiques comme Nd5}
(15. Be2 {Pikula,D (2537)-Sibarevic,M (2342) BIH-chT Teslic 2006 (1.2) 1/2})
15... Rc8 {[%cal Gc7c2]} (15... Be7) 16. f4 Nh7 $6 {[%cal Gf7f6]} (16... b5
$142 $1 {[%cal Gb5b4,Gc7c2,Gc7a7]} 17. Bd3 (17. a3 {Douteux car donne de la
prise а la poussée b4 mais la meilleur option pour les noirs semble encore
être Qa7 au lieu de b4} b4 (17... Na5 18. Nxa5 Qxa5 19. f5) (17... Qa7)) 17...
b4 (17... Qa7 $5 {Comme souvent dans les siciliennes ouvertes, l'échange des Q
avantage les noirs}) 18. Ne2 a5 $1 {[%csl Rb3][%cal Ga5a4]} 19. f5 e5 $132 {
[%csl Gd4][%cal Ga5a4]} (19... a4 20. fxe6 fxe6 21. Nbd4 $14)) 17. Bd3 $1 {
[%cal Gd3g6,Gd3c2] Les noirs n'ont pas le temps de jouer f7f6 pour prendre le
Bg5} Nxg5 (17... f6 18. e5 $1 fxg5 19. Nd5 $3 {Illustrant l'intérêt d'avoir
joué Qe3} Qb8 (19... exd5 20. exd6+) 20. hxg5 exd5 21. exd6+ Kd8 22. Qb6+) (
17... b5 18. a3 (18. f5) 18... f6 19. e5 $1 Qa7 $5 {Comme souvent dans la
sicilienne, l'échange des Q est dans l'intérêt des noirs} (19... fxg5 20. hxg5
dxe5 21. Bg6+ $40) 20. Qe2 $36 {[%cal Gd3g6,Ge2h5]} Nxg5 (20... fxg5 21. Qh5+)
21. exf6 $3 gxf6 22. hxg5 {[%csl Re8][%cal Gd3g6]}) 18. hxg5 $16 g6 {Espérant
surcontroler la case "f5"...} 19. f5 $1 {[%csl Re8][%cal Gf5g6,Ge4e5,Gd3g6]}
Ne5 20. Rh1 $1 {Gagnant le contrôle de la colonne "h" avec la menace de jouer
Rh8 et de clouer le Bf8} Rxh1 21. Rxh1 Bc6 22. Rh8 $1 $36 {[%csl Rf8]} Nxd3 {
Echangeant la meilleure pièce noire mais malgré la structure le Bd3 était fort}
(22... Kd7 23. Rh7 {[%csl Rf7]} Re8 {[%cal Gd7c8]} 24. fxg6 Nxg6 25. Rxf7+ Be7
26. Nd4) (22... b5 23. Nd4 b4 24. Nce2 Ba4 25. fxe6 $40) 23. Qxd3 exf5 (23...
b5 24. Nd4 $40 {[%csl Re6]}) 24. exf5 {[%csl Re8]} gxf5 25. Nd4 Be4 26. Nxe4
$18 fxe4 27. Qh3 $1 (27. Qxe4+ $2 Qe7 {[%csl Rb1,Re1] Forçant l'échange des Q
et le gain des blancs sera nettement plus compliqué}) 27... Qc4 {[%cal Gc4f1,
Gc4d4]} (27... d5 28. g6) 28. g6 $1 Ke7 (28... fxg6 29. b3 Qc7 30. Qe6+) 29.
Rh7 {[%mdl 8]} 1-0

[Event "WchT U26 04th"]
[Site "Chicago"]
[Date "1983.08.??"]
[Round "2"]
[White "Gobet, Fernand"]
[Black "Psakhis, Lev"]
[Result "0-1"]
[WhiteElo "2410"]
[BlackElo "2580"]
[Annotator "Psakhis,L"]
[PlyCount "110"]
[EventDate "1983.08.22"]
[EventType "team-swiss"]
[EventRounds "11"]
[EventCountry "USA"]
[SourceTitle "EXT 2017"]
[Source "ChessBase"]
[SourceDate "2016.10.25"]
[SourceVersion "1"]
[SourceVersionDate "2016.10.25"]
[SourceQuality "1"]
[WhiteTeam "Switzerland"]
[BlackTeam "Soviet Union"]
[WhiteTeamCountry "SUI"]
[BlackTeamCountry "URS"]

1. e4 c5 2. Nf3 e6 3. d4 cxd4 4. Nxd4 Nf6 5. Nc3 d6 6. g4 h6 7. g5 hxg5 8. Bxg5
Nc6 9. Qd2 Qb6 10. Nb3 a6 11. O-O-O Qc7 12. f4 b5 13. Bg2 Bb7 14. h4 O-O-O 15.
a3 Kb8 16. Bf3 Be7 17. h5 b4 (17... Ne8 $142 {inf 36}) 18. axb4 Nxb4 19. Qd4 a5
20. Rh2 e5 21. Qg1 Bc6 22. Kb1 a4 23. Nd2 Bd7 24. Nf1 Qb7 25. Ne3 a3 26. b3 Rc8
27. Bxf6 Bxf6 28. Ned5 Be6 29. Nxb4 Qxb4 30. Nd5 Bxd5 31. Rxd5 exf4 32. Qf1 Rc5
33. Rxc5 dxc5 34. e5 Bxe5 35. Ka2 Ka7 36. Qd3 Qd4 37. Qxd4 Bxd4 38. Kxa3 g5 39.
b4 f5 40. bxc5 g4 41. Bd5 Bxc5+ 42. Kb3 f3 43. Rh1 f2 44. Kc4 Rxh5 45. Ra1+ Kb6
46. Rb1+ Kc7 47. Kxc5 f4 48. c4 g3 49. Ra1 f3 50. Ra7+ Kd8 51. Ra8+ Ke7 52.
Ra7+ Kf6 53. Rf7+ Kg6 54. Rxf3 g2 55. Rg3+ Kh6 0-1

[Event "Geneva FIDE GP"]
[Site "Geneva"]
[Date "2017.07.10"]
[Round "5"]
[White "Harikrishna, Pentala"]
[Black "Nepomniachtchi, Ian"]
[Result "1/2-1/2"]
[WhiteElo "2737"]
[BlackElo "2742"]
[Annotator "Quintiliano,R"]
[PlyCount "102"]
[EventDate "2017.07.06"]
[EventType "swiss"]
[EventRounds "9"]
[EventCountry "SUI"]
[SourceTitle "CBM 180"]
[Source "ChessBase"]
[SourceDate "2017.09.13"]
[SourceVersion "1"]
[SourceVersionDate "2017.09.13"]
[SourceQuality "1"]

1. e4 c5 2. Nf3 d6 3. d4 cxd4 4. Nxd4 Nf6 5. Nc3 a6 6. h3 e6 {Maybe this move
was already a surprise for Harikrishna, as in this position Nepo always played
the other black main option,} ({which is} 6... e5 7. Nde2 h5) 7. g4 Be7 {
Once I played this position and after the game I realised that maybe 7...Nfd7
saves an important tempo for Black:} (7... Nfd7 8. g5 (8. Bg2 {transposes to
other lines}) 8... b5 $1 {the point is that Black can postpone ...Be7 in order
to accelerate the counterplay on the queenside} 9. a3 Bb7 10. h4 (10. Be3 Nb6
$1 {with the bishop on e3, ideas like ...Nc4 can be annoying, and also Black
has another subtle threat} 11. f4 N8d7 12. f5 $2 e5 13. Nb3 Na4 $1 {[%csl Yc3,
Re4]} 14. Nxa4 Bxe4 $17 {Muzychuk,M (2491)-Ivanchuk,V (2733) Cap d'Agde Karpov
qual 2nd rapid 2013 (10) 0-1}) 10... Nc6 11. Be3 (11. Nxc6 $6 {this only helps
Black, as now the bishop is improved on c6 and it becomes obvious that the
right square tor the rook is b8} Bxc6 12. Be3 Be7 13. Qd4 O-O 14. O-O-O Rb8 $1
15. h5 Nc5 16. h6 e5 $1 17. Qd2 g6 {Barbosa,E (2438)-Mareco,S (2581) American
Continental 11th 2015 (6) 0-1 and Black is ok -}) 11... Rc8 $5 {still avoiding
...Be7, and looking for typical ideas in the c-file} 12. f4 (12. Nxc6 Rxc6 $1 {
[%csl Gc3] I had analysed this position around 2015, when the move 11...Rc8
had not yet been played, but now there's a practical example:} 13. Qd4 Ne5 14.
O-O-O Nc4 15. Rh3 Qc7 16. Bd2 Nxd2 17. Rxd2 Qb6 18. Qd3 g6 $2 (18... Be7 $142)
19. e5 $1 {[%cal Yd2d8,Yc3e4] now White's pressure along the d-file is very
strong} Rc7 (19... Be7 20. Ne4 d5 21. Nf6+ Bxf6 22. gxf6 $16) 20. exd6 Rd7 21.
Nxb5 $5 axb5 22. Qxb5 Qxb5 23. Bxb5 Kd8 24. Bxd7 Kxd7 25. Rb3 $16 {Blomqvist,E
(2567)-Nasuta,G (2448) London Classic op 8th 2016 (4) 1-0 despite the bishop
pair, Black has lost many pawns and his position is very difficult to play -})
(12. Qd2 {seems fail to put any problem for Black, for example} Nce5 {[%csl
Gc4][%cal Yd7b6]} 13. f4 Nc4 14. Bxc4 Rxc4 15. O-O-O Qc7 {[%csl Ye4][%cal
Gc4c3]} 16. Nde2 (16. f5 Rxc3 $1 17. fxe6 fxe6 18. Qxc3 Qxc3 19. bxc3 Nc5 $44)
16... Nc5 $1 17. Bxc5 Qxc5 18. Qd3 Be7 {[%cal Yb5b4] and Black probably
already has the easier game, with the initiative coming soon on the queenside})
12... Na5 $1 $36 {[%cal Yb7h1,Yc8c1];Stocko,J (2326)-Kozul,Z (2619) Split op
6th 2016 (4) 0-1}) 8. g5 Nfd7 9. h4 (9. Be3 {is another move order, as} Bxg5 $2
{is bad in view of} 10. Nxe6 $1 fxe6 11. Qh5+ g6 12. Qxg5 $16) 9... b5 10. a3
Bb7 11. Be3 Nc6 12. Qd2 O-O ({Three days later, the same position was reached
between Harikrishna and another strong Russian GM:} 12... Rc8 13. Nxc6 Bxc6 (
13... Rxc6 $5) 14. h5 ({my game went} 14. O-O-O Nc5 15. f3 O-O 16. Kb1 Rb8 {
Mekhitarian,K (2556)-Quintiliano Pinto,R (2403) Latin Cup-A 6th 2015 (7) 1/2
now putting the rook on the right square, but compared with the lines shown in
the notes to Black's 7th move, I had wasted a tempo} 17. h5 a5 18. Na2 $1 $16 {
[%cal Yg5g6,Yh5h6] and Black's counterplay is easily stopped, while White will
be playing h6 or g6 in the other side}) 14... O-O 15. O-O-O Nc5 16. f3 a5 17.
Bxc5 $6 (17. h6 $5) 17... dxc5 18. Qxd8 Rfxd8 19. Bxb5 Bxg5+ {Harikrishna,P 
(2737)-Grischuk,A (2761) Geneva FIDE GP 2017 (7) 1/2 and Black has no problems
anymore -}) 13. O-O-O Nc5 14. f3 ({Recently, White played} 14. Nxc6 Bxc6 15. f3
{and now} Qb8 $1 {[%csl Ga8][%cal Ya6a5,Yb5b4] seems a very good idea, as the
queen supports Black's pawn advance and the rook stays in the a-file, where it
can be very useful} ({definitely an improvement over} 15... Rb8 {Oparin,G 
(2604)-Gelfand,B (2724) Zuerich Chess Challenge Blitz 6th 2017 (5) 0-1}) 16. h5
a5 17. Nb1 $2 {Hansen,M (2452)-Sethuraman,S (2647) Hastings Masters op 92nd
2016 (6) 0-1} Rc8 $1 18. g6 $2 Bxe4 $1 {[%cal Yc5b3]} 19. Bxc5 Rxc5 20. fxe4
Bg5 $19) 14... Rb8 $1 {In some positions the rook is better placed on c8, from
where the threat of ...Rxc3 is very strong, but in this position it belongs on
b8, as for Black it is essential to support the pawns on the queenside in
order to generate counterplay.} 15. Kb1 (15. Nxc6 {seems interesting, as after}
Bxc6 {White can continue with} 16. h5 a5 17. h6 (17. b4 $5) (17. Na2 {this
position shows how each tempo is very important in this position, as compared
with my game against Mekhitarian, White's king is not on b1 yet, so Black can
play} b4 $1 {and the position becomes sharp} 18. axb4 axb4 19. Nxb4 $4 Qa5 $19
{with the king on b1, this idea would not be possible}) 17... g6 18. Na2 Qc7 (
18... b4 $2 19. axb4 axb4 20. Nxb4 Qa5 21. Qc3 $1 $18 {[%csl Gd2,Rg7][%cal
Yb4c6]}) 19. Kb1 Rfd8 20. Be2 $13 {Oparin,G (2604)-Gelfand,B (2724) Zuerich
Chess Challenge Blitz 6th 2017 (5) 0-1}) 15... Nxd4 16. Bxd4 Bc6 17. Bh3 $5 {
There is an interesting idea behind this move, but it looks like Black has
enough counterplay to be ok.} (17. Qh2 $1 {[%cal Yd4c5] was an unnexpected way
to put Black under pressure} Nd7 (17... Qa5 18. Na2 $1 {[%cal Yb2b4,Gd4c3]})
18. g6 $1 {and the attack is coming fast, for example} e5 (18... fxg6 19. h5 g5
20. h6 g6 21. Bg7 Rxf3 22. Bh3 Nf8 23. Rhf1 Rxf1 24. Rxf1 Bd7 25. Qf2 Qe8 26.
Qd4 $18) 19. gxh7+ Kxh7 (19... Kh8 20. Be3 a5 21. Nd5 b4 22. a4 $1 $16 Bxa4 23.
b3 Bc6 24. Nxe7 Qxe7 25. Qd2 {[%csl Rd6]}) 20. Be3 b4 21. axb4 Rxb4 22. Na2 Rb8
23. Rg1 a5 24. Qg2 Rg8 25. Bc4 $16) 17... a5 18. b4 $2 {This move is in
accordance with the previous move for White, but both players missed a strong
idea for Black.} (18. Na2 $142 {stopping ...b4.}) 18... axb4 19. axb4 Nd7 $2 ({
Blacks fails to explore the tactical ideas in this position,} 19... Ra8 $3 {
was very good, and now White has no choice but to launch an attack on the
other side, creating some wild complications, very difficult to calculate and
evaluate over the board:} 20. g6 $1 (20. bxc5 $2 dxc5 21. Be3 Qa5 $19) (20. Kb2
Nd7 21. Ra1 (21. g6 Ne5 $1 {[%csl Gc4]} 22. gxf7+ Kxf7 23. Bxe5 dxe5 24. Qxd8
Rfxd8 25. Kb3 Rd4 $17) 21... Nb6 22. Bxb6 Qxb6 $17) 20... hxg6 21. h5 $1 Bg5 (
21... e5 {is even better for White} 22. Bxc5 dxc5 23. hxg6) (21... Qc7 {
loses in a beautiful way} 22. hxg6 Qa7 23. Na4 $3 Qxa4 24. Bxe6 $1 {[%csl Ga2]
[%cal Yh1h8] with an unstoppable mate}) 22. Qh2 {in this very critical
position, Black should play} (22. f4 Qc7 $1 23. fxg5 Qa7 24. Nxb5 (24. Ne2 Qa2+
25. Kc1 Nxe4 $44 {seems dangerous for White}) 24... Qa2+ 25. Kc1 e5 $1 26. bxc5
exd4 27. Qxd4 Bxb5 $13) 22... gxh5 $1 (22... Qe7 $6 {only the computer can
save this} 23. hxg6 Bh6 (23... Qa7 24. Na4 $1 {[%cal Yh1h8,Gh3e6]} Bh6 25.
gxf7+ Rxf7 26. Bxe6 Qxa4 27. bxc5 $18) 24. bxc5 Qa7 25. Na4 $1 Qxa4 $2 (25...
e5 $3 {is the inhuman solution}) 26. gxf7+ Kxf7 27. Bxe6+ Kxe6 28. Qxd6+ Kf7
29. Rxh6 Qa2+ 30. Kc1 gxh6 31. Qf6+ Ke8 32. Qxc6+ Ke7 33. Qd6+ Ke8 34. Bg7 $18)
23. Bxc5 (23. Rhg1 Bf6 24. e5 $1 dxe5 25. Bxc5 Qc7 {is also complicated, for
example} 26. Bxf8 $2 {White is a R and N up, but now follows an impressive and
forced attack} Qa7 27. Kc1 Qa1+ 28. Kd2 Rd8+ 29. Ke2 Bxf3+ $3 30. Kxf3 Qxc3+
31. Ke4 (31. Rd3 e4+ $1) 31... Rxd1 32. Rxd1 Qc6+ 33. Ke3 Bg5+ 34. Ke2 Qxc2+
$19) 23... Qc8 $1 {[%cal Yc8a6]} 24. Bb6 {[%cal Yb6a5]} Bf6 25. Rd3 Bxe4 $1 26.
fxe4 Bxc3 27. Ba5 Qc4 $13) 20. g6 $1 $40 {Now White gets in first.} e5 (20...
hxg6 21. h5 $1 {this thematic idea, known from Mikhail Tal's great attacking
games, is the point: White sacrifices the pawns to open the path towards
Black's king} gxh5 22. Bxg7 $1 $18 {with a mating attack.}) 21. gxf7+ {
Understandable, White wants the e6-square for his bishop, from where it can
help both attack and defence.} (21. gxh7+ $5 {has an interesting tactical
point, but with correct play should be a draw} Kh8 22. Be3 Nb6 23. Bh6 $1 Bf6
$1 (23... gxh6 24. Qxh6 $18 {[%cal Yd1g1]}) (23... Nc4 24. Bxg7+ $1 Kxg7 25.
Rdg1+ $18) 24. Qxd6 Qe7 $1 25. Bxg7+ $1 Kxg7 26. Rhg1+ (26. Rdg1+ $5) 26...
Kxh7 27. Qxc6 Qxb4+ 28. Kc1 Qa3+ 29. Kb1 Qb4+ $11) 21... Rxf7 22. Be3 $13 {
This position is difficult for both players, as both sides has their
weaknesses to take care of.} Kh8 (22... Rxf3 23. Be6+ Kh8 24. Rhg1 {[%cal
Yd2g2] seems a little dangerous for Black.}) 23. Rhg1 Nb6 24. Be6 (24. Bxb6 {
seems safer, eliminating the dangerous knight:} Rxb6 25. Be6 Rf4 (25... Rxf3
26. Rxg7 $1 Kxg7 27. Rg1+ Kh8 28. Qg2 $18 {[%csl Gg7,Gg8]}) 26. h5 {and this
position seems even, as it's probably very difficult to make progress with
either side.}) 24... Nc4 25. Qe2 Rf6 ({The engine indicates the unexpected} 
25... Qf8 $1 {as the best option, which would be very annoying for White} 26.
Bxf7 (26. Bxc4 bxc4 27. Qxc4 d5 $1 {[%csl Rb4][%cal Yb8b4]} 28. Qxc6 d4 $1 $19)
(26. Nd5 Bxd5 27. Bxd5 Nxe3 28. Qxe3 Rxf3 $15) 26... Qxf7 $17 {[%csl Rb1]
there are many options for White here, but it's clear that Black has a good
compensation, because now his kingside is well defended and the attacking
options on the queenside remain attractive.}) 26. Bxc4 bxc4 27. Qxc4 Qa5 $6 (
27... Rxf3 28. Qxc6 Rxe3 29. Qc4 $1 Rc8 30. Qf7 Bf6 31. Nd5 Rxe4 32. h5 $1 {
[%cal Gh5h6]} Rh4 $1 (32... h6 33. Rg6) 33. Rh1 Rxh1 34. Rxh1 h6 35. Rf1 Bg5
$13) 28. Kc1 {In general, such positions are very difficult to calculate, so
White makes the practical decision to refuse Black's piece sacrifice.} ({
However,} 28. Qxc6 $1 {could have been played} Qxb4+ (28... d5 29. Qe8+ $1 {
maybe this was the resource missed by both players} Rf8 30. Qxe7 Rxb4+ 31. Kc1
Qa3+ 32. Kd2 Rd4+ 33. Bxd4 Qxe7 34. Nxd5 $18 {with too many pieces for the
queen}) 29. Kc1 d5 30. Qc7 d4 31. Nd5 Qb2+ 32. Kd2 dxe3+ 33. Ke2 Qb5+ 34. Rd3 {
and White is just clearly better, for example} Rb7 $8 35. Qxe5 Bd6 36. Qd4 $16)
28... Qa3+ 29. Kd2 d5 $1 {Black's position becomes very active, but
Harikrishna is able to keep things under control.} 30. exd5 $1 (30. Nxd5 Bxd5
31. exd5 Rxf3 32. Bc5 Bxc5 33. Qxc5 Rf4 $36 {[%csl Rd2] this position can be
dangerous to play with White, because his king is more exposed.}) 30... Bxb4 (
30... Rxb4 31. Qa2 $1 {is a nice resource} Qxa2 32. Nxa2 Ra4 33. Nc3 $18 {
[%csl Ra4,Rc6]}) 31. dxc6 Bxc3+ 32. Ke2 (32. Qxc3 $4 Rd6+ $19) 32... Bd4 $1 33.
Rd3 Qa8 34. Rxd4 $1 {Again the best idea.} ({instead,} 34. Bxd4 exd4 35. c7
Re8+ 36. Kf2 Rc6 {is dangerous for White, as now he is the side with a more
exposed king to queen+rook attacks.}) 34... exd4 35. Bxd4 Re8+ 36. Kf2 Qxc6 {
The best practical decision, liquidating this very interesting battle into a
rook endgame with a pawn down, but a drawish one.} (36... Rg6 $2 {is easy to
see that keeping the material is a bad deal for Black} 37. Rxg6 hxg6 38. Qf7
Rg8 39. Qxg6 $18) 37. Qxc6 Rxc6 38. Rxg7 Rxc2+ 39. Kg3 Rc4 40. Rg4+ Rxd4 41.
Rxd4 {I'm not totally sure about this endgame, but if without the h-pawn for
Black it's a draw, so this one should be also.} Kg7 42. Kg4 Re1 43. Rd7+ Kh6
44. Rd6+ Kg7 45. f4 Rg1+ 46. Kf5 h5 $11 {[%csl Gh4][%cal Yg1g4]} 47. Rd7+ Kg8
48. Ke6 Rg6+ 49. Ke5 Rg4 50. f5 Rxh4 51. Rd8+ Kf7 1/2-1/2